000 01099nam a2200301 a 4500
001 000113076
003 CHAP
005 20220329144337.0
008 170407s2016 mx sm |||||||spa d
010 _a109537
011 _a110509
040 _cCHAP
090 _aTesis
100 1 _aRojas González, Zuleima
_9131915
245 1 0 _aHacia una lectura de la autodeterminación indígena, desde los senderos de la migración
_h[En línea]
_cpor Zuleima Rojas González.
260 _aChapingo, Méx. :
_bEl autor,
_c2016.
500 _aPara ver el contenido del material haga clic en la liga
502 _aTesis (M.C. en Sociología Rural) -- UACH. Departamento de Sociología Rural
590 _aE11695DGD
_b10
_c20170417
_lUCH01
_h1051
590 _aE5765TAJ
_b05
_c20170407
_lUCH01
_h1115
590 _aE5765TAJ
_b05
_c20170407
_lUCH01
_h1115
650 1 4 _aIndios de México
_xCondiciones sociales.
_957626
650 1 4 _aIndios de México
_xMigraciones.
_9131916
856 _aFinding aid
_uhttp://10.13.5.2/tesis/sist113076.pdf
_zTeclea aquí
901 _aBK
942 _cTESIS
942 _n0
999 _c109537
_d109537